000 00355 a2200109 4500
001 ART_58187
005 20260410161823.0
008 260409a
245 1 0 _aViolación del secreto fiscal como causal de nulidad.
100 1 _aSemachowicz, Esteban D.
773 0 _tDoctrina Penal Tributaria y Económica
_g- N° 67 (mar. 2023)
_wREV4317
999 _c22523
_d22523